| 000 | 00716nam a2200205Ia 4500 | ||
|---|---|---|---|
| 003 | GCL | ||
| 008 | 140319s9999 xx 000 0 ara d | ||
| 040 |
_aGCL / _cGCL |
||
| 082 | 0 | 4 |
_a005.3 _bت و |
| 100 | 1 | _aتشايمان، نيجل | |
| 245 | 1 | 0 |
_aالوسائط المتعددة الرقمية / _cتشايمان، نيجل |
| 700 | 1 | _aتشايمان، جينى | |
| 260 |
_aالقاهرة : _bدار الفاروق للنشر والتوزيع ، _c2004 |
||
| 300 |
_a648 ص ؛ _c28 سم |
||
| 650 | 0 | 4 | _aنظم المعلومات |
| 650 | 0 | 4 | _aالحاسبات الالكترونية - برامج |
| 650 | 0 | 4 | _aالرسوم المتحركة |
| 650 | 0 | 4 | _aالوسائط المتعددة |
| 942 |
_2ddc _cBK |
||
| 999 |
_c7236 _d7236 |
||